<?xml version="1.0" encoding="UTF-8"?>
<record
    xmlns:xsi="http://www.w3.org/2001/XMLSchema-instance"
    xsi:schemaLocation="http://www.loc.gov/MARC21/slim http://www.loc.gov/standards/marcxml/schema/MARC21slim.xsd"
    xmlns="http://www.loc.gov/MARC21/slim">

  <leader>01444nam0a2200373   4500</leader>
  <controlfield tag="001">RU\NLR\BIBL_A\011624515</controlfield>
  <controlfield tag="005">20250128194045.0</controlfield>
  <datafield tag="010" ind1=" " ind2=" ">
    <subfield code="a">978-5-4490-1199-2</subfield>
  </datafield>
  <datafield tag="021" ind1=" " ind2=" ">
    <subfield code="a">RU</subfield>
    <subfield code="b">&#x41A;&#x41D;-&#x41F;-18-000652</subfield>
    <subfield code="9">&#x41A;&#x41D;-&#x41F;-18-0043</subfield>
  </datafield>
  <datafield tag="035" ind1=" " ind2=" ">
    <subfield code="a">(NLR Aleph) 011624515</subfield>
  </datafield>
  <datafield tag="035" ind1=" " ind2=" ">
    <subfield code="a">(RuMoRGB)009510806</subfield>
  </datafield>
  <datafield tag="090" ind1=" " ind2=" ">
    <subfield code="a">13415583</subfield>
    <subfield code="c">13415583</subfield>
  </datafield>
  <datafield tag="100" ind1=" " ind2=" ">
    <subfield code="a">20180208d2017    u  y0rusy50      ca</subfield>
  </datafield>
  <datafield tag="101" ind1="0" ind2=" ">
    <subfield code="a">rus</subfield>
    <subfield code="a">tun</subfield>
  </datafield>
  <datafield tag="102" ind1=" " ind2=" ">
    <subfield code="a">RU</subfield>
  </datafield>
  <datafield tag="105" ind1=" " ind2=" ">
    <subfield code="a">ac||z|||000ay</subfield>
  </datafield>
  <datafield tag="200" ind1="1" ind2=" ">
    <subfield code="a">&#x411;&#x443;&#x433;&#x434;&#x44B; &#x44D;&#x43C;&#x443;&#x433;&#x434;&#x44D;&#x447;&#x438; &#x445;&#x443;&#x43D;&#x430;&#x442;</subfield>
    <subfield code="d">&#x412;&#x435;&#x43B;&#x438;&#x43A;&#x43E;&#x434;&#x443;&#x448;&#x43D;&#x430;&#x44F; &#x434;&#x43E;&#x447;&#x44C;</subfield>
    <subfield code="e">&#x440;&#x430;&#x441;&#x441;&#x43A;&#x430;&#x437; &#x434;&#x43B;&#x44F; &#x43B;&#x44E;&#x434;&#x435;&#x439;, &#x43B;&#x44E;&#x431;&#x44F;&#x449;&#x438;&#x445; &#x44D;&#x432;&#x435;&#x43D;&#x43A;&#x438;&#x439;&#x441;&#x43A;&#x443;&#x44E; &#x43A;&#x443;&#x43B;&#x44C;&#x442;&#x443;&#x440;&#x443;</subfield>
    <subfield code="f">&#x41D;&#x438;&#x43D;&#x430; &#x41F;&#x435;&#x442;&#x440;&#x43E;&#x432;&#x43D;&#x430; &#x41E;&#x451;&#x433;&#x438;&#x440;</subfield>
    <subfield code="z">rus</subfield>
  </datafield>
  <datafield tag="210" ind1=" " ind2=" ">
    <subfield code="a">[&#x411;. &#x43C;.]</subfield>
    <subfield code="c">&#x418;&#x437;&#x434;&#x430;&#x442;&#x435;&#x43B;&#x44C;&#x441;&#x43A;&#x438;&#x435; &#x440;&#x435;&#x448;&#x435;&#x43D;&#x438;&#x44F;</subfield>
    <subfield code="d">2017</subfield>
  </datafield>
  <datafield tag="215" ind1=" " ind2=" ">
    <subfield code="a">11, [1] &#x441;.</subfield>
    <subfield code="c">&#x438;&#x43B;., &#x43F;&#x43E;&#x440;&#x442;&#x440;.</subfield>
    <subfield code="d">21</subfield>
  </datafield>
  <datafield tag="300" ind1=" " ind2=" ">
    <subfield code="a">&#x422;&#x435;&#x43A;&#x441;&#x442; &#x43F;&#x430;&#x440;&#x430;&#x43B;. &#x43D;&#x430; &#x440;&#x443;&#x441;. &#x438; &#x44D;&#x432;&#x435;&#x43D;&#x43A;&#x438;&#x439;&#x441;. &#x44F;&#x437;.</subfield>
  </datafield>
  <datafield tag="333" ind1=" " ind2=" ">
    <subfield code="a">0+</subfield>
  </datafield>
  <datafield tag="510" ind1="1" ind2=" ">
    <subfield code="6">z77790</subfield>
    <subfield code="a">&#x412;&#x435;&#x43B;&#x438;&#x43A;&#x43E;&#x434;&#x443;&#x448;&#x43D;&#x430;&#x44F; &#x434;&#x43E;&#x447;&#x44C;</subfield>
    <subfield code="z">rus</subfield>
  </datafield>
  <datafield tag="686" ind1=" " ind2=" ">
    <subfield code="a">&#x428;5(2=&#x42D;)64-644</subfield>
    <subfield code="2">rubbk</subfield>
  </datafield>
  <datafield tag="686" ind1="2" ind2=" ">
    <subfield code="a">&#x428;6(2=&#x42D;)7-4</subfield>
  </datafield>
  <datafield tag="700" ind1=" " ind2="1">
    <subfield code="a">&#x41E;&#x451;&#x433;&#x438;&#x440;</subfield>
    <subfield code="b">&#x41D;. &#x41F;.</subfield>
    <subfield code="g">&#x41D;&#x438;&#x43D;&#x430; &#x41F;&#x435;&#x442;&#x440;&#x43E;&#x432;&#x43D;&#x430;</subfield>
    <subfield code="3">RU\NLR\AUTH\770183614</subfield>
  </datafield>
  <datafield tag="790" ind1=" " ind2="1">
    <subfield code="6">z77510</subfield>
    <subfield code="a">&#x41E;&#x451;&#x433;&#x438;&#x440;</subfield>
    <subfield code="b">&#x41D;. &#x41F;.</subfield>
    <subfield code="g">&#x41D;&#x438;&#x43D;&#x430; &#x41F;&#x435;&#x442;&#x440;&#x43E;&#x432;&#x43D;&#x430;</subfield>
    <subfield code="3">RU\NLR\AUTH\770183614</subfield>
  </datafield>
  <datafield tag="852" ind1=" " ind2=" ">
    <subfield code="a">NLR</subfield>
    <subfield code="b">&#x41E;&#x41D;&#x41B;</subfield>
    <subfield code="j">&#x42D;&#x432;&#x435;&#x43D;&#x43A;./3-262</subfield>
  </datafield>
  <datafield tag="942" ind1=" " ind2=" ">
    <subfield code="c">BOOK</subfield>
  </datafield>
  <datafield tag="980" ind1=" " ind2=" ">
    <subfield code="a">NBR</subfield>
  </datafield>
  <datafield tag="980" ind1=" " ind2=" ">
    <subfield code="a">NB</subfield>
  </datafield>
  <datafield tag="995" ind1=" " ind2=" ">
    <subfield code="5">2018-02-08</subfield>
    <subfield code="a">ad</subfield>
    <subfield code="b">NLR01</subfield>
    <subfield code="c">NLR01</subfield>
    <subfield code="e">ONL</subfield>
    <subfield code="f">1-2166010</subfield>
    <subfield code="k">&#x41E;&#x41D;&#x41B; &#x42D;&#x432;&#x435;&#x43D;&#x43A;./3-262</subfield>
    <subfield code="o">0</subfield>
    <subfield code="r">BOOK</subfield>
    <subfield code="s">_3262</subfield>
  </datafield>
  <datafield tag="995" ind1=" " ind2=" ">
    <subfield code="5">2018-02-08</subfield>
    <subfield code="a">ad</subfield>
    <subfield code="b">NLR01</subfield>
    <subfield code="c">NLR01</subfield>
    <subfield code="e">OBM</subfield>
    <subfield code="f">1-2166011</subfield>
    <subfield code="o">0</subfield>
    <subfield code="r">BOOK</subfield>
  </datafield>
</record>
